Ejercicios que facilitan el desarrollo del niño en el primer año de vida (Registro nro. 11702)

Detalles MARC
000 -Cabecera
Campo de control interno 00452nam a2200169Ia 4500
005 - Fecha y hora del registro
control field 20260306162847.0
008 - Elementos de Longitud Fija
fixed length control field 260306t9999||||xx |||||||||||||| ||spa||
041 ## - Idioma
Codigo Idioma ESP
082 ## - DEWEY y NOTACIÓN INTERNA
Dewey HF 155.4
Notación Interna M61
110 ## - AUTOR INSTTITUCIONAL
Autor Institucional Ministerio de Educación
245 #0 - TÍTULO DE MATERIAL BIBLIOGRÁFICO
Título Ejercicios que facilitan el desarrollo del niño en el primer año de vida
300 ## - DESCRIPCIÓN
N° Páginas 64 páginas :
Dimensiones 21 cm.
650 ## - TEMAS
Temas Generalidades
654 ## - PROGRAMAS
Programa Dpto. de Psicología
942 ## - ELEMENTOS DE KOHA
Tipo de documento Libro
Nombre del creador Justo Noguera
Código de catalogador Justo Noguera
Esquema de clasificación Dewey Decimal Classification
Suppress in OPAC
Existencias
Codigo completo Registro Colección Copia número Disponibilidad Tipo de préstamo Biblioteca Actual Procedencia (Biblioteca) Ubicacón Fecha Ingreso Tipo de Adquisición Date last seen Total checkouts Price effective from Tipo de Item Estado del Material Fuente de Clasificación Damaged status Withdrawn status
HF 155.4 M61 1081632 Universidad Católica San Pablo 1 Disponible Disponible Víctor Andrés Belaunde Víctor Andrés Belaunde Planta baja abierta 03/06/2026 Donación 06/03/2026   06/03/2026 Libro Bueno Dewey Decimal Classification